000 00760nam a22001817a 4500
008 120410t xxu||||| |||| 00| 0 eng d
020 _a1555425542
050 _aHD66.W46
100 _aWellins, Richard S.
245 _aEmpowered teams: creating self-directed workgroups, that improve quality, productivity and participation. /
_cRichard S. Wellins, William C. Byham
260 _aSan Francisco:
_bJossey-Bass Publications,
_cc1991.
300 _axvi, 258 p.:
_bill.;
_c22cm.
500 _aIncludes index.
505 _aContents: A Workplace revolution: the coming of empowered teams -- How teams work -- Preparing for teams -- Building strong teams -- Epilogue -- Appendix.
650 _bTeam empowerment.
700 _aByham, William C.
942 _2lcc
_cBK
999 _c707
_d8207